000
00255nam a2200109Ia 4500
008
200302s9999 xx 000 0 und d
100
_a
Author
245
_a
Preparing to Build
260
_b
Her Majesty s Stationery Office
260
_c
1965
300
_a
32 P.,
999
_c
512
_d
512